书目信息 |
| 书名: | Speech by Huang Hua, Chairman of the Chinese Delegation, at | |
| 作者: | ||
| 分册号: | ||
| 分册名: | 出版地: | Peking : |
|
| 出版社: | Foreign Languages Pr | |
| 出版时间: | 1978. | |
| 页数: | 26 p. | |
| 开本: | ||
| 丛书名: | ||
| 中图分类号: | ||
| 科图分类号: | ||
| 其他分类号: | H31:D60 | |
| 主题词: | ||
| 电子资源: | ||
| 000 | 01186nam 2200289 a 4500 | |
| 001 | E0752077375 | |
| 005 | 20070207143011.14 | |
| 008 | uu | |
| 040 | @aNLC | |
| 041 | 1 | @aeng @hchi |
| 043 | @aa-cc--- | |
| 049 | @aN5LA | |
| 090 | @a2C/D813.3/HH/////////894900/-02/ 3cop. | |
| 090 | @aH31:D60 | |
| 096 | @aD813.3 @v2 | |
| 099 | @dH31:D60@ex2 | |
| 100 | 1 | @aHuang, Hua, @d1913- |
| 240 | 10 | @aHuang Hua tuan zhang zai lian he guo da hui di shi jie te bie hui yi shang de fa yan. @lEnglish |
| 242 | 10 | @a黄华团长在联合国大会第十届特别会议上的发言 @ychi |
| 245 | 10 | @aSpeech by Huang Hua, Chairman of the Chinese Delegation, at |
| 260 | @aPeking :@bForeign Languages Pr.,@c1978. | |
| 300 | @a26 p. | |
| 500 | @aSpeech delivered by Huang Hua, Chairman of the Chinese Delegation and Foreign Minister, at | |
| 610 | 20 | @aUnited Nations @xAddresses, essays, lectures. |
| 650 | 0 | @aDisarmament @xAddresses, essays, lectures. |
| 710 | 2 | @aUnited Nations. @bGeneral Assembly. @b10th Special session, 1978. @b00 @c20020930 @lNLC09 @h2246 @lNLC09 @h2301 @lNLC09 @h1852 @b40 @c20030515 @lNLC09 @h0924 @b40 @c20041215 @lNLC09 @h1709 |
| 852 | 9 | @bWWJC @cJ08S @k2C @hD813.3 @iHH |
| Speech by Huang Hua, Chairman of the Chinese Delegation, at.-Peking : : Foreign Languages Pr., , 1978. |
| 26 p. |
| Speech delivered by Huang Hua, Chairman of the Chinese Delegation and Foreign Minister, at |
| ISBN |
| ● |
| 相关链接 |
|
|
|
|
正题名:Speech by Huang Hua, Chairman of the Chinese Delegation, at
索取号:H31:D60/x2
 
预约/预借
| 序号 | 登录号 | 条形码 | 馆藏地/架位号 | 状态 | 备注 |
| 1 | 01671 | 001170020 | 第四借阅区/ [索取号:H31:D60/x2] | 在馆 | |
| 2 | 01672 | 001169773 | 第四借阅区/ [索取号:H31:D60/x2] | 在馆 |